Introduction to the thermodynamics of materials, / (Record no. 598464)

000 -LEADER
fixed length control field 00302nam a2200109Ia 4500
008 - FIXED-LENGTH DATA ELEMENTS--GENERAL INFORMATION
fixed length control field 230907s9999||||xx |||||||||||||| ||und||
082 ## - DEWEY DECIMAL CLASSIFICATION NUMBER
Classification number 620.11296
Author Mark GAS
100 ## - MAIN ENTRY--PERSONAL NAME
Personal name Gaskell, David R.,
9 (RLIN) 40023
245 #0 - TITLE STATEMENT
Title Introduction to the thermodynamics of materials, /
300 ## - PHYSICAL DESCRIPTION
Extent xix, 693 pages ;
942 ## - ADDED ENTRY ELEMENTS (KOHA)
Koha item type Book
Holdings
Withdrawn status Lost status Damaged status Not for loan Permanent Location Current Location Date acquired Total Checkouts Full call number Barcode Date last seen Price effective from Koha item type
        US-Pakistan Center for Advanced Studies in Energy (USPCAS-E) US-Pakistan Center for Advanced Studies in Energy (USPCAS-E) 07/18/2019   620.11296 GAS CAS-E0002563 09/12/2023 09/12/2023 Book
© 2023 Central Library, National University of Sciences and Technology. All Rights Reserved.